Państwa najbliższe Chorwacji - Statystyki

Ogólne statystyki
  • Ten quiz został rozwiązany 339 razy
    334 od ostatniego zresetowania
  • Średni wynik to 18 z 20
Statystyki odpowiedzi
km Państwo % Poprawnych
0 Słowenia
99%
12 Włochy
99%
0 Bośnia i Hercegowina
98%
23 Austria
97%
0 Węgry
97%
0 Czarnogóra
96%
266 Grecja
96%
0 Serbia
96%
167 Słowacja
96%
107 Rumunia
95%
67 Albania
94%
199 Czechy
93%
129 Kosowo
91%
177 Macedonia Północna
91%
328 Bułgaria
90%
263 Szwajcaria
87%
232 Niemcy
84%
139 San Marino
83%
336 Watykan
81%
346 Liechtenstein
74%
Nie znaleziono quizów pasujących do podanych kryteriów
Rozkład punktacji
Procent ludzi z każdym wynikiem
Percentyl według liczby udzielonych odpowiedzi
Twoja historia wyników
Nie rozwiązałeś tego quizu od ostatniego zresetowania